000 00292nam a2200109Ia 4500
008 190216s9999||||xx |||||||||||||| ||und||
100 _a"Puri Gk, Julka P & Manish Puri"
245 0 _aVerbal Reasoning For All Competitive Exams
260 _bIims Pub
_c1998
300 _a317p
942 _cREF
999 _c36522
_d36522